[Event "Ricany op"]
[Site "Ricany"]
[Date "2020.08.25"]
[Round "5"]
[White "Vavrinec, Tomas"]
[Black "Zizka, Petr"]
[Result "0-1"]
[WhiteElo "1927"]
[BlackElo "2046"]
[PlyCount "34"]
[EventDate "2020.08.22"]
[EventType "swiss"]
[EventRounds "9"]
[EventCountry "CZE"]
[SourceTitle "CBM 198 Extra"]
[Source "ChessBase"]
[SourceDate "2020.11.30"]
[SourceVersion "1"]
[SourceVersionDate "2020.11.30"]
[SourceQuality "1"]

1. Nf3 Nf6 2. c4 Nc6 3. Nc3 e5 4. g3 Bb4 5. Bg2 0-0 6. 0-0 d6 7. Nd5 Nxd5 8. cxd5 Ne7 9. d4 e4 10. Ng5 f5 11. f3 exf3 12. Bxf3 h6 13. Ne6 Bxe6 14. dxe6 d5 15. Qb3 Ba5 16. Qxb7 Bb6 17. Bf4 a6 0-1

[Event "Ricany op-A"]
[Site "Ricany"]
[Date "2019.08.28"]
[Round "6"]
[White "Otruba, Marek"]
[Black "Zizka, Petr"]
[Result "0-1"]
[WhiteElo "2133"]
[BlackElo "2081"]
[PlyCount "42"]
[EventDate "2019.08.24"]
[EventType "swiss"]
[EventRounds "9"]
[EventCountry "CZE"]
[SourceTitle "EXT 2020"]
[Source "ChessBase"]
[SourceDate "2019.10.17"]
[SourceVersion "1"]
[SourceVersionDate "2019.10.17"]
[SourceQuality "1"]

1. d4 Nf6 2. c4 e6 3. g3 d5 4. Nf3 b6 5. Bg2 Bb7 6. Ne5 Nbd7 7. Qa4 c5 8. Bg5 Be7 9. dxc5 bxc5 10. Nc3 0-0 11. Nxd7 Nxd7 12. Bxe7 Qxe7 13. cxd5 Nb6 14. Qg4 exd5 15. 0-0 d4 16. Bxb7 Qxb7 17. Nb1 Nd5 18. b3 Rfe8 19. Rd1 Qe7 20. Kf1 d3 21. e4 Ne3+ 0-1

[Event "Ricany op-A"]
[Site "Ricany"]
[Date "2019.08.25"]
[Round "2"]
[White "Svetly, Jiri"]
[Black "Zizka, Petr"]
[Result "1-0"]
[WhiteElo "1871"]
[BlackElo "2081"]
[PlyCount "99"]
[EventDate "2019.08.24"]
[EventType "swiss"]
[EventRounds "9"]
[EventCountry "CZE"]
[SourceTitle "EXT 2020"]
[Source "ChessBase"]
[SourceDate "2019.10.17"]
[SourceVersion "1"]
[SourceVersionDate "2019.10.17"]
[SourceQuality "1"]

1. d4 Nf6 2. c4 g6 3. Nc3 Bg7 4. e4 d6 5. Bg5 0-0 6. Qd2 a6 7. Bd3 Nc6 8. Nge2 Qe8 9. f4 e5 10. fxe5 dxe5 11. d5 Ne7 12. 0-0 Nd7 13. Rae1 f5 14. exf5 Nxf5 15. Ne4 h6 16. Be3 Nf6 17. Bc5 Nxe4 18. Bxe4 Rf6 19. Qd3 Qf7 20. g4 Nh4 21. Qg3 g5 22. Rxf6 Bxf6 23. h3 Bd7 24. Qd3 Be7 25. Bxe7 Qxe7 26. Rf1 Rf8 27. Rxf8+ Qxf8 28. Qe3 Qb4 29. Qc3 Qxc3 30. Nxc3 Kg7 31. Kf2 Ng6 32. Bxg6 Kxg6 33. Kf3 Kf6 34. Ne4+ Ke7 35. Nc5 Bc8 36. Ke4 Kf6 37. Nd3 Bd7 38. Nxe5 Be8 39. Kd4 Ke7 40. c5 Bb5 41. Nc4 Bd7 42. Ke5 Bb5 43. Ne3 Bd3 44. Nf5+ Kd7 45. Nxh6 Bf1 46. Kf5 Bxh3 47. Kxg5 Bg2 48. Ng8 a5 49. Kf5 b6 50. cxb6 1-0

[Event "CZE-chT U18 Extraliga final-B 1819"]
[Site "Czech Republic"]
[Date "2019.04.13"]
[Round "9.3"]
[White "Kopcova, Ludmila"]
[Black "Zizka, Petr"]
[Result "1/2-1/2"]
[WhiteElo "1899"]
[BlackElo "1916"]
[PlyCount "58"]
[EventDate "2018.10.05"]
[EventType "team-tourn"]
[EventRounds "11"]
[EventCountry "CZE"]
[SourceTitle "EXT 2023"]
[Source "ChessBase"]
[SourceDate "2022.10.05"]
[SourceVersion "1"]
[SourceVersionDate "2022.10.05"]
[SourceQuality "1"]
[WhiteTeam "Orlova Slavia (U18)"]
[BlackTeam "Praha Bohemians (U18)"]
[WhiteTeamCountry "CZE"]
[BlackTeamCountry "CZE"]

1. d4 Nf6 2. c4 e6 3. Nc3 Bb4 4. a3 Bxc3+ 5. bxc3 c5 6. e3 0-0 7. Bd3 Nc6 8. Ne2 e5 9. f3 d6 10. 0-0 b6 11. d5 Na5 12. Ng3 Ba6 13. Qe2 Qd7 14. a4 Rae8 15. Ra2 e4 16. fxe4 Ng4 17. e5 Nxe5 18. Rf4 Nxd3 19. Qxd3 g6 20. Ne4 f5 21. Ng5 h6 22. Ne6 Rxe6 23. dxe6 Qxe6 24. Raf2 Bxc4 25. Qd1 g5 26. R4f3 g4 27. Rf4 Bd5 28. Rd2 Qxe3+ 29. Rff2 Bb3 1/2-1/2

[Event "CZE-chT U18 Extraliga final-B 1819"]
[Site "Czech Republic"]
[Date "2019.04.12"]
[Round "8.3"]
[White "Zizka, Petr"]
[Black "Pavlicek, Lukas"]
[Result "1/2-1/2"]
[WhiteElo "1916"]
[BlackElo "1894"]
[PlyCount "97"]
[EventDate "2018.10.05"]
[EventType "team-tourn"]
[EventRounds "11"]
[EventCountry "CZE"]
[SourceTitle "EXT 2023"]
[Source "ChessBase"]
[SourceDate "2022.10.05"]
[SourceVersion "1"]
[SourceVersionDate "2022.10.05"]
[SourceQuality "1"]
[WhiteTeam "Praha Bohemians (U18)"]
[BlackTeam "Policka Stefanydes (U18)"]
[WhiteTeamCountry "CZE"]
[BlackTeamCountry "CZE"]

1. b3 g6 2. Bb2 Nf6 3. Bxf6 exf6 4. c4 d5 5. cxd5 Qxd5 6. e3 Bg7 7. Nc3 Qa5 8. Rc1 c6 9. Nf3 Bg4 10. Be2 Bxf3 11. Bxf3 0-0 12. 0-0 f5 13. d4 Nd7 14. Na4 Rad8 15. Qc2 f4 16. Rfe1 Rfe8 17. b4 Qxb4 18. Re2 fxe3 19. fxe3 Qa3 20. Nc3 Bh6 21. Kf2 Nb6 22. Rd1 Bg7 23. Rd3 Qe7 24. Qd1 Qd7 25. Ne4 Nd5 26. Qb3 Qe7 27. Nc3 Nxc3 28. Rxc3 Rc8 29. Rc4 Red8 30. Qc2 Qd7 31. Rd2 Bh6 32. Rd3 f5 33. d5 cxd5 34. Rxd5 Qe6 35. Qb3 Rxd5 36. Rxc8+ Qxc8 37. Bxd5+ Kh8 38. Bxb7 Qc1 39. Bf3 Qd2+ 40. Be2 Qd6 41. Qc3+ Bg7 42. Qc8+ Qf8 43. Qc7 Qa3 44. Bc4 a5 45. Qd8+ Bf8 46. Qd5 Kg7 47. Qd4+ Kh6 48. Qf4+ Kg7 49. Qe5+ 1/2-1/2

[Event "Ricany op-A"]
[Site "Ricany"]
[Date "2018.08.25"]
[Round "1"]
[White "Hlavacek, Ondrej1111"]
[Black "Zizka, Petr"]
[Result "1/2-1/2"]
[WhiteElo "1737"]
[BlackElo "2028"]
[PlyCount "29"]
[EventDate "2018.08.25"]
[EventType "swiss"]
[EventRounds "9"]
[EventCountry "CZE"]
[SourceTitle "EXT 2019"]
[Source "ChessBase"]
[SourceDate "2018.10.10"]
[SourceVersion "1"]
[SourceVersionDate "2018.10.10"]
[SourceQuality "1"]

1. d4 Nf6 2. c4 g6 3. Nc3 Bg7 4. e4 d6 5. h3 0-0 6. Be3 e5 7. d5 a5 8. Nge2 Na6 9. g4 c6 10. Ng3 Rb8 11. Qd2 Bd7 12. Ba7 Ra8 13. Be3 Rb8 14. Ba7 Rc8 15. Be3 1/2-1/2

[Event "CZE-chT U18 Extraliga West 1718"]
[Site "Czech Republic"]
[Date "2018.01.20"]
[Round "6.4"]
[White "Molkanov, Oleg"]
[Black "Zizka, Petr"]
[Result "1-0"]
[WhiteElo "1967"]
[BlackElo "1939"]
[PlyCount "57"]
[EventDate "2017.10.07"]
[EventType "team-tourn"]
[EventRounds "11"]
[EventCountry "CZE"]
[SourceTitle "EXT 2023"]
[Source "ChessBase"]
[SourceDate "2022.10.05"]
[SourceVersion "1"]
[SourceVersionDate "2022.10.05"]
[SourceQuality "1"]
[WhiteTeam "Praha Kobylisy (U18)"]
[BlackTeam "Praha Bohemians (U18)"]
[WhiteTeamCountry "CZE"]
[BlackTeamCountry "CZE"]

1. d4 Nf6 2. c4 g6 3. Nc3 Bg7 4. e4 d6 5. Nf3 0-0 6. Be2 e5 7. d5 Na6 8. Be3 Ng4 9. Bg5 f6 10. Bh4 Nh6 11. Nd2 g5 12. Bg3 f5 13. f3 g4 14. fxg4 Nxg4 15. Bxg4 fxg4 16. Qe2 Qg5 17. 0-0-0 Bd7 18. Kb1 Nc5 19. Nf1 a6 20. Bf2 Qg6 21. Bxc5 dxc5 22. Ne3 b5 23. Qd3 Rf4 24. d6 c6 25. Ned5 Qe6 26. Nc7 Qg6 27. Nxa8 b4 28. Ne2 Rxe4 29. Ng3 1-0

[Event "Prague Holiday K31"]
[Site "Prague"]
[Date "2017.08.03"]
[Round "8"]
[White "Cisarik, Pavol"]
[Black "Zizka, Petr"]
[Result "0-1"]
[WhiteElo "1674"]
[BlackElo "1966"]
[PlyCount "48"]
[EventDate "2017.07.30"]
[EventType "tourn"]
[EventRounds "9"]
[EventCountry "CZE"]
[SourceTitle "EXT 2023"]
[Source "ChessBase"]
[SourceDate "2022.10.05"]
[SourceVersion "1"]
[SourceVersionDate "2022.10.05"]
[SourceQuality "1"]

1. Nf3 Nf6 2. d4 g6 3. Bf4 Bg7 4. e3 d6 5. c3 0-0 6. Nbd2 b6 7. Bc4 c5 8. d5 b5 9. Bxb5 Nxd5 10. 0-0 Nxf4 11. exf4 Nd7 12. Qc2 Rb8 13. c4 a6 14. Bxd7 Rxb2 15. Qxb2 Bxb2 16. Bxc8 Bxa1 17. Bxa6 Qa5 18. Bb5 Qxa2 19. Ne4 Bg7 20. h3 Qc2 21. Ng3 Rb8 22. Re1 e6 23. Re2 Qc1+ 24. Kh2 d5 0-1

[Event "Prague Holiday K31"]
[Site "Prague"]
[Date "2017.08.01"]
[Round "5"]
[White "Hapke, Ralf"]
[Black "Zizka, Petr"]
[Result "1/2-1/2"]
[WhiteElo "1828"]
[BlackElo "1966"]
[PlyCount "31"]
[EventDate "2017.07.30"]
[EventType "tourn"]
[EventRounds "9"]
[EventCountry "CZE"]
[SourceTitle "EXT 2023"]
[Source "ChessBase"]
[SourceDate "2022.10.05"]
[SourceVersion "1"]
[SourceVersionDate "2022.10.05"]
[SourceQuality "1"]

1. e4 c5 2. Nc3 Nc6 3. f4 g6 4. Nf3 e6 5. Bb5 Bg7 6. Bxc6 bxc6 7. d3 Ne7 8. 0-0 d5 9. Qe1 Ba6 10. Na4 c4 11. Nc5 cxd3 12. cxd3 0-0 13. Kh1 dxe4 14. Qxe4 Bc8 15. Ne5 Qd5 16. d4 1/2-1/2

[Event "CZE-chT U18 Extraliga final-B 1617"]
[Site "Czech Republic"]
[Date "2017.04.21"]
[Round "8.3"]
[White "Zizka, Petr"]
[Black "Vraj, Ondrej"]
[Result "1-0"]
[WhiteElo "1908"]
[BlackElo "1955"]
[PlyCount "83"]
[EventDate "2016.10.01"]
[EventType "team-tourn"]
[EventRounds "11"]
[EventCountry "CZE"]
[SourceTitle "EXT 2022"]
[Source "ChessBase"]
[SourceDate "2021.10.06"]
[SourceVersion "1"]
[SourceVersionDate "2021.10.06"]
[SourceQuality "1"]
[WhiteTeam "Praha Bohemians U18"]
[BlackTeam "Hostalkova U18"]
[WhiteTeamCountry "CZE"]
[BlackTeamCountry "CZE"]

1. e4 d5 2. exd5 Qxd5 3. Nc3 Qa5 4. d4 c6 5. Nf3 Nf6 6. Bd2 Qc7 7. Bc4 Bg4 8. h3 Bh5 9. Qe2 e6 10. g4 Bg6 11. Ne5 Bb4 12. 0-0-0 Nfd7 13. Nxg6 hxg6 14. Bxe6 fxe6 15. Qxe6+ Kd8 16. Qxg6 Nf6 17. Bg5 Rf8 18. d5 c5 19. Ne4 Qf7 20. Qf5 c4 21. c3 Bxc3 22. bxc3 Qd7 23. Qxd7+ Nbxd7 24. Rhe1 Nb6 25. Nc5 Rf7 26. d6 Rc8 27. Re5 Rxc5 28. Rxc5 Ke8 29. Re5+ Kf8 30. Bxf6 gxf6 31. Re7 Rxe7 32. dxe7+ Kxe7 33. h4 Na4 34. Kc2 Nc5 35. h5 Kf7 36. Rd4 b5 37. Rd5 Ne4 38. f3 Nf2 39. Rxb5 Nd3 40. Rb7+ Kg8 41. Re7 Nf2 42. Rxa7 1-0

[Event "CZE-ch U16"]
[Site "Kouty nad Desnou"]
[Date "2017.03.18"]
[Round "9"]
[White "Chwistek, Karel"]
[Black "Zizka, Petr"]
[Result "1/2-1/2"]
[WhiteElo "1969"]
[BlackElo "1905"]
[PlyCount "22"]
[EventDate "2017.03.11"]
[EventType "swiss"]
[EventRounds "9"]
[EventCountry "CZE"]
[SourceTitle "CBM 177 Extra"]
[Source "ChessBase"]
[SourceDate "2017.04.27"]
[SourceVersion "1"]
[SourceVersionDate "2017.04.27"]
[SourceQuality "1"]

1. e4 c5 2. Nc3 Nc6 3. f4 g6 4. Nf3 Bg7 5. Bc4 e6 6. d3 Nge7 7. 0-0 0-0 8. a4 d5 9. Bb3 b6 10. Qe1 Bb7 11. Qh4 Nd4 1/2-1/2

[Event "CZE-ch U16"]
[Site "Kouty nad Desnou"]
[Date "2017.03.13"]
[Round "3"]
[White "Petr, Jakub"]
[Black "Zizka, Petr"]
[Result "1/2-1/2"]
[WhiteElo "2020"]
[BlackElo "1905"]
[PlyCount "79"]
[EventDate "2017.03.11"]
[EventType "swiss"]
[EventRounds "9"]
[EventCountry "CZE"]
[SourceTitle "CBM 177 Extra"]
[Source "ChessBase"]
[SourceDate "2017.04.27"]
[SourceVersion "1"]
[SourceVersionDate "2017.04.27"]
[SourceQuality "1"]

1. e4 g6 2. d4 Bg7 3. Nf3 d6 4. Bc4 Nf6 5. Qe2 c6 6. e5 dxe5 7. dxe5 Nd5 8. h3 0-0 9. 0-0 b5 10. Bb3 e6 11. c4 bxc4 12. Bxc4 Nd7 13. Re1 Qc7 14. Nbd2 Bb7 15. Nb3 c5 16. Bb5 Rfc8 17. Bxd7 Qxd7 18. Na5 Rab8 19. Nxb7 Rxb7 20. b3 c4 21. Be3 c3 22. Rec1 Bf8 23. Bd4 Ba3 24. Rc2 Rbc7 25. Rd1 Qe7 26. Qe1 Bb2 27. Qe4 Nb4 28. Rxb2 cxb2 29. Bxb2 Nxa2 30. Qf4 Nc3 31. Bxc3 Rxc3 32. Ng5 Rxb3 33. Ne4 Qf8 34. Rd7 g5 35. Qxg5+ Qg7 36. Rd8+ Rxd8 37. Qxd8+ Qf8 38. Nf6+ Kg7 39. Nh5+ Kg8 40. Nf6+ 1/2-1/2

[Event "CZE-ch U16"]
[Site "Kouty nad Desnou"]
[Date "2017.03.11"]
[Round "1"]
[White "Vitak, Jiri"]
[Black "Zizka, Petr"]
[Result "1/2-1/2"]
[WhiteElo "2068"]
[BlackElo "1905"]
[PlyCount "66"]
[EventDate "2017.03.11"]
[EventType "swiss"]
[EventRounds "9"]
[EventCountry "CZE"]
[SourceTitle "CBM 177 Extra"]
[Source "ChessBase"]
[SourceDate "2017.04.27"]
[SourceVersion "1"]
[SourceVersionDate "2017.04.27"]
[SourceQuality "1"]

1. d4 Nf6 2. c4 g6 3. Nc3 Bg7 4. e4 d6 5. f3 0-0 6. Be3 c6 7. Nge2 Na6 8. Qd2 Rb8 9. Ng3 Nc7 10. a4 b6 11. Be2 e5 12. Rd1 Qe7 13. 0-0 h5 14. dxe5 dxe5 15. a5 Bd7 16. axb6 axb6 17. c5 b5 18. b4 Rfd8 19. Qb2 Be6 20. Rxd8+ Qxd8 21. Rd1 Qc8 22. Nf1 Ra8 23. Ra1 Ra6 24. Nd2 Rxa1+ 25. Qxa1 Qa8 26. Qb2 Nh7 27. Nb3 Bxb3 28. Qxb3 Qa1+ 29. Nd1 Ne6 30. Qb2 Qxb2 31. Nxb2 f5 32. exf5 gxf5 33. Nd3 Nf6 1/2-1/2

[Event "CZE-chT U18 Extraliga West 1617"]
[Site "Czech Republic"]
[Date "2017.01.21"]
[Round "7.3"]
[White "Tajovska, Martina"]
[Black "Zizka, Petr"]
[Result "0-1"]
[WhiteElo "1842"]
[BlackElo "1908"]
[PlyCount "102"]
[EventDate "2016.10.01"]
[EventType "team-tourn"]
[EventRounds "11"]
[EventCountry "CZE"]
[SourceTitle "EXT 2022"]
[Source "ChessBase"]
[SourceDate "2021.10.06"]
[SourceVersion "1"]
[SourceVersionDate "2021.10.06"]
[SourceQuality "1"]
[WhiteTeam "Bustehrad U18"]
[BlackTeam "Praha Bohemians U18"]
[WhiteTeamCountry "CZE"]
[BlackTeamCountry "CZE"]

1. e4 c5 2. Nc3 Nc6 3. f4 g6 4. Nf3 Bg7 5. Bb5 Nd4 6. 0-0 Nxb5 7. Nxb5 d5 8. exd5 a6 9. Nc3 Nf6 10. d4 Nxd5 11. dxc5 Nxc3 12. Qxd8+ Kxd8 13. bxc3 Bxc3 14. Rb1 Kc7 15. Rb3 Bf6 16. Bd2 Be6 17. Ba5+ Kc6 18. Rb6+ Kxc5 19. Rxb7 Rab8 20. Rc7+ Kb5 21. Bd2 Kb6 22. Rc3 Bxc3 23. Bxc3 Rhc8 24. Be5 Rb7 25. c3 Ka7 26. Bd4+ Ka8 27. a4 Rb2 28. Re1 Ra2 29. Ng5 Rc6 30. Nxh7 Rxa4 31. Ng5 Ra2 32. Ne4 Bd5 33. Nf2 e6 34. h3 Rc7 35. Rc1 a5 36. Rb1 Rb7 37. Rc1 Bc4 38. Nd1 a4 39. Ne3 Bd3 40. c4 Rb1 41. Rxb1 Bxb1 42. c5 Rd2 43. Be5 Be4 44. Nc4 Rxg2+ 45. Kf1 Ka7 46. Nd6 Bc6 47. Nxf7 Rd2 48. Nh8 Be8 49. c6 Kb6 50. c7 Kb7 51. Ke1 Rh2 0-1

[Event "EU-ch U16 26th"]
[Site "Prague"]
[Date "2016.08.22"]
[Round "5"]
[White "Zizka, Petr"]
[Black "Temmerman, Sander"]
[Result "0-1"]
[WhiteElo "2010"]
[BlackElo "1659"]
[PlyCount "90"]
[EventDate "2016.08.18"]
[EventType "swiss"]
[EventRounds "9"]
[EventCountry "CZE"]
[SourceTitle "CBM 174 Extra"]
[Source "ChessBase"]
[SourceDate "2016.10.10"]
[SourceVersion "1"]
[SourceVersionDate "2016.10.10"]
[SourceQuality "1"]

1. b3 d5 2. Bb2 c5 3. e3 e6 4. f4 Nf6 5. Nf3 Nc6 6. Be2 g6 7. 0-0 Bg7 8. Ne5 0-0 9. Nxc6 bxc6 10. c4 Bb7 11. Qc2 Qb6 12. Nc3 Nd7 13. Rac1 Rfc8 14. Na4 Qc7 15. Ba3 Bf8 16. Rf3 Rab8 17. h4 Qa5 18. Qc3 Qxc3 19. Rxc3 Ba6 20. d3 d4 21. Rc1 dxe3 22. Rxe3 Re8 23. h5 Bh6 24. Rf1 e5 25. Nxc5 Nxc5 26. Bxc5 Bxf4 27. Rh3 Bc8 28. Rh1 Bf5 29. g4 Bd7 30. Bf3 g5 31. Rf2 a6 32. Kg2 Rbc8 33. Kh3 f5 34. Re1 Rcd8 35. Rfe2 fxg4+ 36. Bxg4 Bxg4+ 37. Kxg4 Rxd3 38. Bb6 Rf8 39. Bf2 h6 40. Rb1 Rd2 41. Rbe1 Rd3 42. Rh1 Kg7 43. Rhe1 Kf6 44. Rb1 Kg7 45. Rbe1 Bd2 0-1

[Event "EU-ch U16 26th"]
[Site "Prague"]
[Date "2016.08.18"]
[Round "1"]
[White "Zizka, Petr"]
[Black "Janik, Igor"]
[Result "0-1"]
[WhiteElo "2010"]
[BlackElo "2303"]
[PlyCount "72"]
[EventDate "2016.08.18"]
[EventType "swiss"]
[EventRounds "9"]
[EventCountry "CZE"]
[SourceTitle "CBM 174 Extra"]
[Source "ChessBase"]
[SourceDate "2016.10.10"]
[SourceVersion "1"]
[SourceVersionDate "2016.10.10"]
[SourceQuality "1"]

1. b3 Nf6 2. Bb2 g6 3. Bxf6 exf6 4. c4 Bg7 5. Nc3 f5 6. Rc1 b6 7. e3 0-0 8. Nf3 Re8 9. g3 Bb7 10. Bg2 d6 11. 0-0 Nd7 12. d4 Nf6 13. d5 Qd7 14. Nd4 h5 15. b4 h4 16. Qc2 hxg3 17. hxg3 Ng4 18. Rfd1 Qe7 19. Nce2 Qg5 20. Nf3 Qh6 21. Nf4 Re7 22. c5 Rae8 23. Qa4 a6 24. cxd6 cxd6 25. Rc7 Kf8 26. Rxe7 Rxe7 27. b5 a5 28. Qa3 Rd7 29. Nd4 g5 30. Nxf5 Qh2+ 31. Kf1 gxf4 32. exf4 Qh7 33. Nxd6 Qc2 34. Nxb7+ Kg8 35. Kg1 Qxd1+ 36. Bf1 Qxd5 0-1